Every Song by Luke Bryan - Statistics

General Stats
  • This quiz has been taken 205 times
    113 since last reset
  • The average score is 55 of 150
Answer Stats
Album Song % Correct
Tailgates & Tanlines(2011) Country Girl (Shake It for Me)
76%
Crash My Party(2013) Crash My Party
71%
Doin' My Thing(2009) Do I
68%
Doin' My Thing(2009) Rain Is a Good Thing
68%
I'll Stay Me(2007) All My Friends Say
65%
Crash My Party(2013) Play It Again
65%
What Makes You Country(2017) What Makes You Country
65%
I'll Stay Me(2007) I'll Stay Me
62%
Kill the Lights(2015) Kick the Dust Up
62%
Kill the Lights(2015) Kill the Lights
62%
Tailgates & Tanlines(2011) Drunk on You
59%
Tailgates & Tanlines(2011) I Don't Want This Night to End
59%
Doin' My Thing(2009) Doin' My Thing
56%
Crash My Party(2013) Drink a Beer
56%
Kill the Lights(2015) Huntin', Fishin' and Lovin' Every Day
56%
Mind of a Country Boy(2024) Mind of a Country Boy
56%
Crash My Party(2013) Roller Coaster
56%
Doin' My Thing(2009) Someone Else Calling You Baby
56%
Crash My Party(2013) That's My Kind of Night
56%
I'll Stay Me(2007) Country Man
53%
I'll Stay Me(2007) We Rode in Trucks
53%
Spring Break...Checkin' Out(2015) Games
50%
Tailgates & Tanlines(2011) Kiss Tomorrow Goodbye
50%
Born Here Live Here Die Here(2020) One Margarita
50%
Kill the Lights(2015) Strip It Down
50%
Born Here Live Here Die Here(2020) Born Here Live Here Die Here
47%
Crash My Party(2013) I See You
47%
What Makes You Country(2017) Most People Are Good
47%
I'll Stay Me(2007) Over the River
47%
I'll Stay Me(2007) Tackle Box
47%
Doin' My Thing(2009) Apologize
44%
I'll Stay Me(2007) Baby's on the Way
44%
Crash My Party(2013) Blood Brothers
44%
Doin' My Thing(2009) Drinkin' Beer and Wastin' Bullets
44%
Mind of a Country Boy(2024) Love You, Miss You, Mean It
44%
Kill the Lights(2015) Move
44%
I'll Stay Me(2007) Pray About Everything
44%
Spring Break 4...Suntan City(2012) Suntan City
44%
I'll Stay Me(2007) The Car in Front of Me
44%
Crash My Party(2013) Beer in the Headlights
41%
Mind of a Country Boy(2024) | Prayin' in a Deer Stand(2022) Country On
41%
Crash My Party(2013) Dirt Road Diary
41%
Kill the Lights(2015) Fast
41%
What Makes You Country(2017) Light It Up
41%
Spring Break...Checkin' Out(2015) My Ol' Bronco
41%
Kill the Lights(2015) Razor Blade
41%
What Makes You Country(2017) Sunrise, Sunburn, Sunset
41%
Doin' My Thing(2009) Welcome to the Farm
41%
Doin' My Thing(2009) What Country Is
41%
Mind of a Country Boy(2024) Country Song Came On
38%
Crash My Party(2013) Goodbye Girl
38%
Tailgates & Tanlines(2011) Harvest Time
38%
Farm Tour... Here's to the Farmer(2016) Here's to the Farmer
38%
Kill the Lights(2015) Home Alone Tonight
38%
Born Here Live Here Die Here(2020) Knockin' Boots
38%
Kill the Lights(2015) Way Way Back
38%
Tailgates & Tanlines(2011) Been There, Done That
35%
Born Here Live Here Die Here(2020) Build Me a Daddy
35%
Mind of a Country Boy(2024) But I Got a Beer in My Hand
35%
Born Here Live Here Die Here(2020) Down to One
35%
Spring Break 3...It's a Shore Thing(2011) If You Ain't Here to Party
35%
Tailgates & Tanlines(2011) I Know You're Gonna Be There
35%
Mind of a Country Boy(2024) Kansas
35%
Spring Break 6...Like We Ain't Ever(2014) Like We Ain't Ever
35%
Prayin' in a Deer Stand(2022) Prayin' in a Deer Stand
35%
Crash My Party(2013) Shut It Down
35%
Spring Break...Checkin' Out(2015) Spring Breakdown
35%
Spring Break 4...Suntan City(2012) Spring Break-Up
35%
Born Here Live Here Die Here(2020) What She Wants Tonight
35%
Spring Break...Checkin' Out(2015) You and the Beach
35%
Tailgates & Tanlines(2011) You Don't Know Jack
35%
I'll Stay Me(2007) You Make Me Want To
35%
Spring Break 6...Like We Ain't Ever(2014) Are You Leaving with Him
32%
Spring Break...Here to Party(2013) Buzzkill
32%
Spring Break...Checkin' Out(2015) Checkin' Out
32%
Doin' My Thing(2009) Chuggin' Along
32%
Doin' My Thing(2009) Every Time I See You
32%
Tailgates & Tanlines(2011) Faded Away
32%
Doin' My Thing(Bonus)(2009) Favorite Flowers
32%
I'll Stay Me(2007) First Love Song
32%
Tailgates & Tanlines(2011) Muckalee Creek Water
32%
Crash My Party(2013) Out Like That
32%
Mind of a Country Boy(2024) Pair of Boots
32%
Kill the Lights(2015) Scarecrows
32%
Crash My Party(Bonus)(2013) She Get Me High
32%
Spring Break 3...It's a Shore Thing(2011) Shore Thing
32%
Mind of a Country Boy(2024) Southern and Slow
32%
Tailgates & Tanlines(2011) Too Damn Young
32%
Kill the Lights(2015) To the Moon and Back
32%
Born Here Live Here Die Here(Bonus)(2020) Waves
32%
Spring Break 2... Hangover Edition(2010) Wild Weekend
32%
Born Here Live Here Die Here(Bonus)(2020) Bill Dance
29%
Kill the Lights(Bonus)(2015) Buddies
29%
Kill the Lights(Bonus)(2015) Corner Booth
29%
Crash My Party(Bonus)(2013) Good Lookin' Girl
29%
Tailgates & Tanlines(2011) I Knew You That Way
29%
Mind of a Country Boy(2024) I'm on a Tractor
29%
Mind of a Country Boy(2024) Jesus 'Bout My Kids
29%
What Makes You Country(2017) Land of a Million Songs
29%
Spring Break 4...Suntan City(2012) Little Bit Later On
29%
Spring Break 3...It's a Shore Thing(2011) Love in a College Town
29%
Kill the Lights(2015) Love It Gone
29%
Spring Break 6...Like We Ain't Ever(2014) Night One
29%
What Makes You Country(2017) Out of Nowhere Girl
29%
Spring Break 4...Suntan City(2012) Shake the Sand
29%
Spring Break WithAll My Friends(2009) Sorority Girl
29%
Crash My Party(Bonus)(2013) Sunburnt Lips
29%
Tailgates & Tanlines(2011) Tailgate Blues
29%
Crash My Party(2013) We Run This Town
29%
Crash My Party(Bonus)(2013) Your Mama Should've Named You Whiskey
29%
What Makes You Country(2017) Bad Lovers
26%
Spring Break 2... Hangover Edition(2010) Cold Beer Drinker
26%
Mind of a Country Boy(2024) Fish on the Wall
26%
Born Here Live Here Die Here(2020) For a Boat
26%
Mind of a Country Boy(2024) For the Kids
26%
Doin' My Thing(2009) I Did It Again
26%
Spring Break 3...It's a Shore Thing(2011) In Love with the Girl
26%
Kill the Lights(2015) Just Over
26%
Kill the Lights(Bonus)(2015) Little Boys Grow Up and Dogs Get Old
26%
What Makes You Country(2017) She's a Hot One
26%
Mind of a Country Boy(2024) She's Still Got It
26%
Prayin' in a Deer Stand(2022) Songs You Never Heard
26%
Born Here Live Here Die Here(Bonus)(2020) Up
26%
Born Here Live Here Die Here(2020) Where Are We Goin'
26%
What Makes You Country(2017) Win Life
26%
Crash My Party(Bonus)(2013) Better Than My Heart
24%
Mind of a Country Boy(2024) Closing Time in California
24%
What Makes You Country(2017) Driving This Thing
24%
What Makes You Country(2017) Hungover in a Hotel Room
24%
Spring Break 2... Hangover Edition(2010) I'm Hungover
24%
Spring Break...Here to Party(2013) Just a Sip
24%
What Makes You Country(2017) Like You Say You Do
24%
Farm Tour... Here's to the Farmer(2016) Love Me in a Field
24%
What Makes You Country(2017) Pick It Up
24%
Spring Break 6...Like We Ain't Ever(2014) The Sand I Brought to the Beach
24%
Crash My Party(Bonus)(2013) What Is It With You
24%
Doin' My Thing(Bonus)(2009) Y'all Can Have This Town
24%
Farm Tour... Here's to the Farmer(2016) You Look Like Rain
24%
What Makes You Country(2017) Drinking Again
21%
Born Here Live Here Die Here(Bonus)(2020) Floatin' This Creek
21%
What Makes You Country(2017) Hooked on It
21%
Farm Tour... Here's to the Farmer(2016) I Do All My Dreamin' There
21%
Born Here Live Here Die Here(2020) Little Less Broken
21%
Farm Tour... Here's to the Farmer(2016) Southern Gentleman
21%
Spring Break WithAll My Friends(2009) Take My Drunk Ass Home
21%
Born Here Live Here Die Here(2020) Too Drunk to Drive
21%
Born Here Live Here Die Here(Bonus)(2020) Country Does
15%
Born Here Live Here Die Here(Bonus)(2020) Drink a Little Whiskey Down
15%
What Makes You Country(Bonus)(2017) I Can't Even
9%
No matching quizzes found
Score Distribution
Percent of People with Each Score
Percentile by Number Answered
Your Score History
You have not taken this quiz since the last reset